00753nam a2200193 a 450000100100000000500170001000800410002702000150006804000250008308200160010810000390012424500620016326000340022530000210025950000320028095201130031295201190042599900150054400000721120200929154110.0090907s2001 dr 001 0 spa d a9993461075 aDO-SdBNPbspacBNPHU axxxxbV335d1 aVásquez Henriquez, Erasmo92000910aDecoro, política y salud /cErasmo Vásquez Henriquez. aSanto Domingo :bBuho,c2001. a236 p. ;c23 cm. aIncluye datos biográficos 0010718PDaPDbPDcCTd2009-09-07iLF1l0oxxxx V335dp7211-10r2020-06-25w2020-06-25yLFPDZNo se presta 0010718PDaPDbPDcCTd2009-09-07iLF1l0oxxxx V335dp7211-20r2020-06-25te. 2w2020-06-25yLFPDZNo se presta c6992d6992